Rzeczownik, w którym ukrył się „kok” - Statystyki

Ogólne statystyki
  • Ten quiz został rozwiązany 23 razy
  • Średni wynik to 4 z 9
Statystyki odpowiedzi
Hint Odpowiedź % Poprawnych
5. Skok
70%
1. Kokarda
55%
4. Kokos
50%
9. Koktajl
50%
3. Koks
45%
8. Kokon
40%
7. Uskok
35%
6. Kokoszka
20%
2. Kokpit
20%
Nie znaleziono quizów pasujących do podanych kryteriów
Rozkład punktacji
Procent ludzi z każdym wynikiem
Percentyl według liczby udzielonych odpowiedzi
Twoja historia wyników
Nie rozwiązałeś tego quizu